Faculty of Law Library — Cairo University

Official Online Catalog

Recueil des lois de la RSF de Yougoslavie. (Record no. 71696)

MARC details
000 -LEADER
fixed length control field 01023naa a2200289 i 4500
003 - CONTROL NUMBER IDENTIFIER
control field EG-GICUC
005 - DATE AND TIME OF LATEST TRANSACTION
control field 20260418191615.0
008 - FIXED-LENGTH DATA ELEMENTS--GENERAL INFORMATION
fixed length control field 260418s1964 rb |||f |||| 000 0 fre d
040 ## - CATALOGING SOURCE
Original cataloging agency EG-GiCUC
Language of cataloging fre
Transcribing agency EG-GiCUC
Modifying agency EG-GiCUC
Description conventions Rda
041 ## - LANGUAGE CODE
Language code of text/sound track or separate title fre
Language code of original fre
082 04 - DEWEY DECIMAL CLASSIFICATION NUMBER
Edition number 21
Classification number 342.049702
Item number IN. R
092 04 - LOCALLY ASSIGNED DEWEY CALL NUMBER (OCLC)
Edition number 21
099 ## - LOCAL FREE-TEXT CALL NUMBER (OCLC)
Classification number Law1 08 342.049702 IN. R 1964 1010760 V11, C1
110 2# - MAIN ENTRY--CORPORATE NAME
Corporate name or jurisdiction name as entry element Institut de droit comparé.
245 10 - TITLE STATEMENT
Title Recueil des lois de la RSF de Yougoslavie.
Number of part/section of a work Volume XI,
Name of part/section of a work Code Penal /
Statement of responsibility, etc. Institut De Droit Compare.
264 ## - PRODUCTION, PUBLICATION, DISTRIBUTION, MANUFACTURE, AND COPYRIGHT NOTICE
Place of production, publication, distribution, manufacture Beograd :
Name of producer, publisher, distributor, manufacturer Imprimerie de l'Union des Associations de Juristes de Yougoslav,
Date of production, publication, distribution, manufacture, or copyright notice 1964.
300 ## - PHYSICAL DESCRIPTION
Extent 170 page ;
Dimensions 24 cm.
336 ## - CONTENT TYPE
Source rda contenu
Content type term texte
337 ## - MEDIA TYPE
Source rda medias
Media type term Ordinateur
338 ## - CARRIER TYPE
Source transporteur rda
Carrier type term Ressource en ligne
546 ## - LANGUAGE NOTE
Language note Texte en français
650 1# - SUBJECT ADDED ENTRY--TOPICAL TERM
Topical term or geographic name entry element Droit constitutionnel
651 1# - SUBJECT ADDED ENTRY--GEOGRAPHIC NAME
Geographic name Yougoslavie
General subdivision Lois et législation
856 40 - ELECTRONIC LOCATION AND ACCESS
Uniform Resource Identifier <a href="https://fll.law.cu.edu.eg/fulltext/bks/B08-10760.pdf">https://fll.law.cu.edu.eg/fulltext/bks/B08-10760.pdf</a>
905 ## - Cataloger and Reviser Names
Cataloger Name: Mohamed Yosri
942 ## - ADDED ENTRY ELEMENTS (KOHA)
Source of classification or shelving scheme Dewey Decimal Classification
Koha item type Books
Edition 21
Suppress in OPAC No
Holdings
Withdrawn status Lost status Source of classification or shelving scheme Damaged status Not for loan Collection Home library Current library Date acquired Total checkouts Full call number Barcode Date last seen Copy number Price effective from Koha item type
    Dewey Decimal Classification   Not for loan القانون الدستوري جــــامعة القــاهرة مكتبة كلية الحقوق - المبنى الرئيسي 18.04.2026   Law1 08 342.049702 IN. R 1964 1010760 V11, C1 B10-10760 18.04.2026 1 18.04.2026 Books
    Dewey Decimal Classification     القانون الجنائي جــــامعة القــاهرة مكتبة كلية الحقوق - المبنى الرئيسي 28.04.2026   Law1 08 343.1 IN. R 1964 1010004 V11, C2 B10-10004 28.04.2026 2 28.04.2026 Books

© All rights reserved — Faculty of Law, Cairo University